000 00327 a2200145 4500
001 149415
040 _cEscola São Tomás de Aquino
100 _aCHILD, Lauren
240 1 0 _aClarice Bean sou eu
_lpor
245 1 0 _aClarice Bean sou eu
362 0 _a2005
440 1 _aÁtica
697 _a*LITERATURA INFANTO
942 _cBK
999 _c149415
_d149415